Análisis de costos en acueductos rurales
Պահպանված է:
| Հիմնական հեղինակ: | |
|---|---|
| Ձևաչափ: | Անհայտ |
| Հրապարակվել է: |
[San José, Costa Rica]
1981
|
| Ցուցիչներ: |
Ավելացրեք ցուցիչ
Չկան պիտակներ, Եղեք առաջինը, ով նշում է այս գրառումը!
|
MARC
| LEADER | 00000 a2200000 4500 | ||
|---|---|---|---|
| 003 | 001592 | ||
| 005 | 20221231143746.0 | ||
| 008 | 140114s1981 cr a m 000 ||s d | ||
| 040 | |c cru CEDI | ||
| 090 | |a TFG 1116 | ||
| 100 | |a León Araya, Carlos E |9 15704 | ||
| 245 | |a Análisis de costos en acueductos rurales | ||
| 260 | |c 1981 |a [San José, Costa Rica] | ||
| 300 | |a 26 hojas :ilustraciones | ||
| 500 | |a Informe de proyecto final--Universidad de Costa Rica. Facultad de Ingeniería. Escuela de Ingeniería Civil | ||
| 942 | |c TFG | ||
| 999 | |c 11367 |d 11367 | ||
